000 00511nam a2200181Ia 4500
008 150610s9999 xx 000 0 und d
020 _a9780545477116
050 _aPZ7
_b.A953 T78 1990  
100 _aAvi 
245 4 _aThe true confessions of Charlotte Doyle /
_cAvi.
260 _aNew York :
_bScholastic,
_c1990.
300 _a215pages ;
_c20 cm.
520 _aFiction.
650 _aSelf-perception
_xFiction.
650 _aSex role
_xFiction.
650 _aShips
_bFiction.
650 _bSea stories.
999 _c288155
_d288155